000 00399nam a2200169Ia 4500
008 170705s9999 xx 000 0 und d
020 _a9780439791069
245 _a101 ways to bug your teacher /
245 _cLee Wardlaw.
260 _aNew York :
260 _bScholastic,
260 _c2004
300 _a246 pages :
300 _bcolor illustration ;
300 _c19cm.
500 _a700
999 _c336344
_d336344